[Event "AUTO-ADV-4932"]
[Site "http://www.queenalice.com/game.php?id=1872391"]
[Date "2026.4.24"]
[Round "1"]
[White "WHUSIRO"]
[Black "zubarev"]
[Result "0-1"]
[WhiteElo "1872"]
[BlackElo "1945"]

1. e4 e5 2. Nf3 Nc6 3. Bb5 d6 4. d4 Bd7 5. O-O Be7 6. d5 Nb8 7. Bxd7+ Nxd7 8. b4
Ngf6 9. Nbd2 O-O 10. c4 Ne8 11. a4 f5 12. h3 f4 13. Nb3 Nef6 14. Qd3 c6 15. Bb2
cxd5 16. cxd5 Rc8 17. Rfc1 Rxc1+ 18. Rxc1 Qb6 19. Qd2 Nxe4 20. Qe1 Ndf6 21. a5
Qb5 22. Rc7 Re8 23. Nc1 Qxd5 24. Nh2 Qb5 25. Nf3 Nd5 26. Rc2 Nef6 27. Nh2 Nxb4
0-1

[Event "AUTO-ADV-4932"]
[Site "http://www.queenalice.com/game.php?id=1872392"]
[Date "2026.4.24"]
[Round "1"]
[White "zubarev"]
[Black "WHUSIRO"]
[Result "1-0"]
[WhiteElo "1945"]
[BlackElo "1874"]

1. d4 Nf6 2. c4 e6 3. Nc3 c5 4. e3 d5 5. Nf3 cxd4 6. exd4 Bb4 7. Bd2 O-O 8. Be2
a6 9. Ne5 Nbd7 10. f4 Bxc3 11. Bxc3 Nxe5 12. fxe5 Ne4 13. Qc2 Qh4+ 14. g3 Nxg3
15. hxg3 Qxh1+ 16. Bf1 dxc4 17. Kf2 Qh2+ 18. Bg2 Qh5 19. Rh1 Qf5+ 20. Qxf5 exf5
21. b3 cxb3 22. axb3 Rb8 23. Bb4 Re8 24. Rc1 Bd7 25. Rc7 Bc6 26. Bh3 g6 27. Ke3
Be4 28. Bf1 Bc6 29. Bc4 Kg7 30. Rxf7+ Kh6 31. Bd2 b5 32. Kf2+ Kh5 33. Rxh7+ 1-0

[Event "AUTO-ADV-4934"]
[Site "http://www.queenalice.com/game.php?id=1872852"]
[Date "2026.5.3"]
[Round "1"]
[White "WHUSIRO"]
[Black "SGF"]
[Result "1-0"]
[WhiteElo "1861"]
[BlackElo "1758"]

1. e4 e5 2. Nf3 Qf6 3. c3 c6 4. d4 d6 5. Bg5 Qg6 6. dxe5 h6 7. Bh4 Qxe4+ 8. Qe2
Qxe2+ 9. Bxe2 g5 10. Bg3 dxe5 11. Nxe5 Nd7 12. Nxd7 Bxd7 13. Nd2 Nf6 14. f3 Bc5
15. O-O-O b5 16. Be5 Ke7 17. Bxf6+ Kxf6 18. Ne4+ Ke7 19. Nxc5 Rhd8 20. Nxd7 Rxd7
21. Rxd7+ Kxd7 22. Rd1+ Kc7 23. Kc2 a5 24. Bd3 a4 25. a3 Rd8 26. Be4 Rxd1 27.
Kxd1 f6 28. Ke2 Kd6 29. Kd3 c5 30. Ke3 c4 31. Kd4 h5 32. Bg6 h4 33. Be8 f5 34.
Bxb5 f4 35. Bxc4 Ke7 36. Ke5 Kf8 37. Kf5 Kg7 38. Bb5 Kh6 39. c4 Kh5 40. c5 Kh6
41. c6 Kh5 42. c7 Kh6 43. c8=Q Kh5 44. Qh8# 1-0

[Event "AUTO-ADV-4934"]
[Site "http://www.queenalice.com/game.php?id=1872853"]
[Date "2026.5.3"]
[Round "1"]
[White "SGF"]
[Black "WHUSIRO"]
[Result "1-0"]
[WhiteElo "1733"]
[BlackElo "1866"]

1. e4 c5 2. Qf3 d6 3. d3 Nf6 4. Be2 Bg4 5. Qg3 Bxe2 6. Nxe2 g6 7. h4 Nc6 8. c3
Bg7 9. h5 Nxh5 10. Rxh5 gxh5 11. Qxg7 Kd7 12. Qxf7 Qf8 13. Qxf8 Raxf8 14. a4 Ne5
15. Bh6 Rf7 16. d4 Nd3+ 17. Kd2 Nxb2 18. dxc5 dxc5 19. f3 Nc4+ 20. Kd3 Ne5+ 21.
Kd2 Rd8 22. Ke3 Kc8 23. Nf4 Rd6 24. Bg5 Ng6 25. Nxh5 e6 26. Nf6 b6 27. Nd2 e5
28. Nc4 Rdxf6 29. Bxf6 Rxf6 30. Rh1 Rf7 31. Nd6+ 1-0

[Event "AUTO-ADV-4934"]
[Site "http://www.queenalice.com/game.php?id=1872854"]
[Date "2026.5.3"]
[Round "1"]
[White "WHUSIRO"]
[Black "Capixabba789"]
[Result "0-1"]
[WhiteElo "1893"]
[BlackElo "1906"]

1. e4 e5 2. Nf3 d6 3. h3 Nf6 4. Nc3 Be7 5. d4 exd4 6. Nxd4 O-O 7. Bd3 Bd7 8. O-O
Nc6 9. Nde2 Ne5 10. Bg5 Nxd3 11. cxd3 Re8 12. Re1 Bc6 13. Rc1 a6 14. Ng3 Bd7 15.
Qc2 Bc6 16. Nf5 Bd7 17. Bxf6 Bxf6 18. Nd5 Bxf5 19. Nxf6+ Qxf6 20. exf5 Qxf5 21.
d4 Rxe1+ 0-1

[Event "AUTO-ADV-4934"]
[Site "http://www.queenalice.com/game.php?id=1872855"]
[Date "2026.5.3"]
[Round "1"]
[White "Capixabba789"]
[Black "WHUSIRO"]
[Result "0-1"]
[WhiteElo "1943"]
[BlackElo "1874"]

1. d4 Nf6 2. c4 e6 3. Nc3 c5 4. e3 d5 5. cxd5 exd5 6. f4 Bg4 7. Nf3 Ne4 8. Be2
Bxf3 9. Bxf3 Qh4+ 10. Ke2 Qf2+ 11. Kd3 c4# 0-1

[Event "AUTO-ADV-4934"]
[Site "http://www.queenalice.com/game.php?id=1872856"]
[Date "2026.5.3"]
[Round "1"]
[White "WHUSIRO"]
[Black "marcoswerneck"]
[Result "0-1"]
[WhiteElo "1900"]
[BlackElo "1831"]

1. e4 e5 2. Nf3 d6 3. h3 a6 4. c3 Nc6 5. d4 Be7 6. d5 Nb8 7. Bd3 h6 8. b4 Nf6 9.
O-O g5 10. Nh2 Bd7 11. Re1 Ng8 12. Be3 h5 13. Be2 g4 14. hxg4 hxg4 15. Bxg4 Nf6
16. Bf3 Bb5 17. Na3 Bd7 18. c4 Rg8 19. g3 Bh3 20. Bg2 Bxg2 21. Kxg2 Nxe4 22. Qc2
Nf6 23. Rh1 Nbd7 24. Kf1 Nh7 25. Ke2 Nhf6 26. Nf3 Bf8 27. Bg5 Qe7 28. Rh6 Bxh6
29. Bxh6 O-O-O 30. Bg5 e4 31. Nd2 Rxg5 0-1

[Event "AUTO-ADV-4934"]
[Site "http://www.queenalice.com/game.php?id=1872857"]
[Date "2026.5.3"]
[Round "1"]
[White "marcoswerneck"]
[Black "WHUSIRO"]
[Result "0-1"]
[WhiteElo "1850"]
[BlackElo "1891"]

1. e4 c5 2. d3 d6 3. h3 Nc6 4. Nf3 Nf6 5. a3 e6 6. Be3 Be7 7. Be2 O-O 8. Nc3 a6
9. Qd2 b5 10. O-O e5 11. Nd5 Nxd5 12. exd5 Na7 13. b3 Bb7 14. c4 f5 15. Qc1 Bf6
16. Bg5 h6 17. Bxf6 Qxf6 18. Qd2 Bc8 19. a4 b4 20. a5 f4 21. Kh1 Bd7 22. Nh2 Nc8
23. Bf3 Ne7 24. Bg4 Bf5 25. Bxf5 Nxf5 26. Nf3 g5 27. Qe1 h5 28. Rg1 g4 29. Nd2
Nd4 30. Qd1 Kh8 31. Ne4 Qe7 32. Kh2 f3 33. Rb1 fxg2 34. Rxg2 Nf3+ 35. Kh1 Qh4
36. Nxd6 Qxh3+ 0-1

[Event "AUTO-ADV-4935"]
[Site "http://www.queenalice.com/game.php?id=1873128"]
[Date "2026.5.8"]
[Round "1"]
[White "Capixabba789"]
[Black "WHUSIRO"]
[Result "1/2-1/2"]
[WhiteElo "1888"]
[BlackElo "1901"]

1. d4 Nf6 2. c4 e6 3. Nc3 d5 4. cxd5 exd5 5. Nf3 Bb4 6. Bd2 c6 7. e3 O-O 8. Bd3
Bg4 9. O-O Re8 10. Be2 Nbd7 11. a3 Bd6 12. Qe1 h6 13. h3 Bf5 14. Rd1 Qc7 15. Bc1
a5 16. Bd3 Ne4 17. Nh4 Bh7 18. Nxe4 Bxe4 19. Bxe4 dxe4 20. Nf5 Bf8 21. d5 cxd5
22. Rxd5 Nf6 23. Rd4 Rad8 24. Rxd8 Rxd8 25. Nd4 Bc5 26. Bd2 Bxd4 27. exd4 Rxd4
28. Bxa5 Qd7 29. Bc3 Rd6 30. Qe3 Rd3 31. Qb6 Nd5 32. Qc5 Nxc3 33. bxc3 Kh7 34.
Re1 f5 35. a4 Kh8 36. a5 Kh7 37. Rb1 1/2-1/2

[Event "AUTO-ADV-4935"]
[Site "http://www.queenalice.com/game.php?id=1873129"]
[Date "2026.5.8"]
[Round "1"]
[White "WHUSIRO"]
[Black "Capixabba789"]
[Result "1-0"]
[WhiteElo "1886"]
[BlackElo "1860"]

1. e4 e5 2. Nf3 d6 3. h3 Nc6 4. Bb5 Bd7 5. c3 Nf6 6. d3 Be7 7. Bg5 O-O 8. Nbd2
a6 9. Ba4 b5 10. Bc2 d5 11. exd5 Nxd5 12. Bxe7 Ndxe7 13. O-O Nf5 14. Re1 Re8 15.
Ne4 f6 16. Bb3+ Be6 17. Nc5 Bxb3 18. Qxb3+ Kh8 19. Qc2 Qd6 20. Ne4 Qd8 21. Rad1
Re6 22. b4 Nce7 23. Nc5 Ng6 24. Nxe6 1-0